Öldürün o gazeteciyi (Record no. 4796)

MARC details
000 -BAŞLIK
Sabit Uzunlukta Kontrol Alanı 00723na a2200265 4500
001 - KONTROL NUMARASI
Denetim Alanı 14357
003 - KONTROL NUMARASI IDENTIFIER
Denetim Alanı MIRAKIL
005 - SON İŞLEM TARİHİ VE ZAMANI
Denetim Alanı 20181213155018.0
008 - SABİT-BOY VERİ ELEMANLARI - GENEL BİLGİLER
Sabit Uzunlukta Kontrol Alanı 161227b tu 000 0
020 ## - ULUSLARARASI STANDART KİTAP NUMARASI
Uluslararası Standart Kitap Numarası 9757362476
035 ## - SİSTEM KONTROL NUMARASI
Sistem Kontrol Numarası 14357
040 ## - KATALOGLAMA KAYNAK
Orijinal Kataloglama Ajansı Milas
Kataloglama Dili tur
Metne Dönüştürmek Ajansı TR-AnCHP
041 ## - DİL KODU
Metin / Ses Parça Veya Ayrı Başlığın Dil Kodu tur
082 ## - DEWEY ONLU SINIFLANDIRMA NUMARASI
Sınıflandırma Numarası 920.7 Emeç,Ç.
Ürün Numarası Ö94ö 1994
090 ## - SINIFLAMA NUMARASI
Sınıflama Numarası 920.7 Emeç,Ç. Ö94ö 1994
100 ## - ANA GİRİŞ - KİŞİSEL İSİM
Kişisel Ad Özkan, Tuncay
245 ## - BAŞLIK TABLOSU
Başlık Öldürün o gazeteciyi
Sorumluluk Tablosu, Vb Tuncay Özkan
260 ## - YAYIN, DAĞITIM, VB
Yayın, Dağıtım, Vb Yeri Ankara
Yayıncı, Dağıtıcı, Vs Adı Ümit Yayıncılık
Yayın, Dağıtım, Vb Tarihi 1994
300 ## - FİZİKSEL TANIM
Kapsam 226 s.
Boyutlar 18 sm.
490 ## - SERİSİ TABLOSU
Seri Beyanı Ufuk dizisi
Hacim / Ardışık Tanımı 24
600 ## - KONU KATMA GİRİŞ - KURUMSAL ADI
Kişisel Ad Emeç, Çetin
Bir Adıyla İlişkilendirilen Tarihler 1935-1990
Genel Alt Bölümü Yaşamöyküsü
650 ## - KONU KATMA GİRİŞ - TOPİKAL DÖNEM
Topikal Süreli Veya Coğrafi Ad Giriş Elemanı İslami terör
Genel Alt Bölümü Gazeteciler
650 ## - KONU KATMA GİRİŞ - TOPİKAL DÖNEM
Topikal Süreli Veya Coğrafi Ad Giriş Elemanı Gazeteciler
942 ## - EKLENDİ GİRİŞ ELEMANLARI (KOHA)
Sınıflandırma Veya Raf Düzeni Kaynak Dewey Decimal Classification
Koha Öğesi Türü Books
999 ## - SİSTEM KONTROL NUMARALARI (KOHA)
Koha Biblionumber 4796
Koha Biblioitemnumber 4796
Holdings
Kalıcı Konum Mevcut Konum Edinme Tarihi Edinim Kaynak Toplam Check-Out'Lar Tam Çağrı Numarası Barkod Tarih Son Görülme İtibaren Geçerli Fiyatlar Koha Öğesi Türü Kopya Sayısı
CHP Kütüphanesi CHP Kütüphanesi 08/26/2016 Bağış   920.7 Emeç,Ç. Ö94ö 1994 001880 08/26/2016 08/26/2016 Books  
Parti Okulu Kütüphanesi Parti Okulu Kütüphanesi 12/27/2016 Bağış   920.7 Emeç,Ç. Ö94ö 1994 P00629 12/27/2016 12/27/2016 Books k.2